Quizzes
Events
Quiz Creation
Community
Videos
Private Events
Remove Ads
Sign In
Join for FREE
Feedback
Dark Mode
Quiz Categories
Sports
Geography
Music
Movies
Television
Just For Fun
Miscellaneous
History
Literature
Language
Science
Gaming
Entertainment
Religion
Holiday
For Kids
Quiz Lab
Recent
Popular Today
Quiz Kudos Today
Editor Picks
Curator Picks
Quizzes by...
Day
Popularity
Type
Ratings
Length
Year
Community
Subscriptions
Recent Discussions
Orange Saloon
Badges
Playlists
Quests
Create
Leaderboards
Showdown
Live 5
Trivia Bingo
Activity
Puzzle Library
Sporcle Events
Private Events
Virtual Trivia
Globe League
Become a Host
Pub Owners
SporcleCon
Opinionation
Our Games
Videos
Blog
Mobile Apps
Partnerships
Remove Ads and Go Orange
Feedback
History
US Presidents
World Leaders
Politics
Nation
Discovery
War
Decade
Year
Century
Biography
Art
History
US Presidents
World Leaders
Politics
Nation
Discovery
War
Decade
Year
Century
Biography
Art
Random Quiz
Search Sporcle
×
Quiz Lab
Quiz Lab
History
place
Type in answers that appear in a list
Type in answers that appear in a list
Classic
Best Score? Go Orange.
The Reconstruction Era Game Stats
Can you name the important people, places, events and documents/laws?
By
theBOSSofCROTON
20m
30 Questions
91 Plays
91 Plays
91 Plays
Comments
Comments
Give Quiz Kudos
Give Quiz Kudos
-
- Ratings
hide this ad
Replay
Link that replays current quiz
Next Quiz
Link to next quiz in quiz playlist
You Got
0%
They Got
Avg Score
26%
Avg Friend Score
Upgrade to see
Score Distribution
Jump to the score distribution portion of the page
Score
0/30
Timer
20:00
0
Plays Today
% Correct
Andrew Johnson
73.6%
Ku Klux Klan
67%
13th Amendment
48.4%
14th Amendment
45.1%
15th Amendment
45.1%
Black Codes
45.1%
Abraham Lincoln
38.5%
Thaddeus Stevens
34.1%
Carpetbaggers
34.1%
Grand father Clause
31.9%
Poll Tax
29.7%
Jim Crow Laws
29.7%
Radical Republicans
27.5%
Scalawags
26.4%
Ulysses S. Grant
24.2%
% Correct
Charles Sumner
24.2%
Rutherford B. Hayes
23.1%
Sharecropping
22%
Compromise of 1877
19.8%
Civil Rights Act 1866
14.3%
Election of 1876
13.2%
Military Districts
9.9%
Impeachment of Johnson
9.9%
Grant's Scandals
9.9%
Wade Davis Bill 1864
7.7%
Andrew Johnson's Plan
6.6%
Freedmen's Bureau Act 1866
6.6%
Tenure of Office Act 1867
6.6%
Lincon's Plan
5.5%
Command of the Army Act 1867
4.4%
Quiz Playlist
Details
Report
Send in Message
Add To Playlist
Classic:
Type in answers that appear in a list
Last Updated: Feb 16, 2017
Quiz Scoreboard
CHALLENGE
Sign Up to Join the Scoreboard
Show All
Scores
Hide
Comments
May contain spoilers
Recently Published
9x9 Crossword: Cartoon Network
by jackfrog10
Miscellaneous
3m
College Basketball Coaching Resumes
by pancakes188
Sports
9m
Billboard Blitz: Fleetwood Mac
by CooCooCachoo
Music
15s
More to Explore
Quiz From the Vault
Featured Blog Post
Where Did the Easter Bunny Come From?
hide this ad
You Might Also Like...
Tags
document
Era
Event
important
Law
place
reconstruction
Today's Top Quizzes in History
Browse History
hide this ad
Today's Top Quizzes in place
Browse place
Top Contributed Quizzes in History
1
Popular People in 1991
2
Popular People in 1981
3
Popular People in 1951
4
Popular People in 1941
5
Popular People in 1986
6
Popular People in 1976
7
Popular People in 1921
8
5-to-1: 20th Century Images of War
9
I Am Born On March 28th
10
Popular People in 1946
Explore More
Trending Topics
Kpop
Marvel
Crossword
Anime
NBA
Disney
Harry Potter
Puzzle
WWE
NFL
Pokémon
The Office
Country
Soccer
Song
hide this ad
More By:
theBOSSofCROTON
Quiz
Plays
Rating
Category
Featured
Created
The Reconstruction Era Game
91
1.67
History
May 28, 2012
Go to Creator's Profile
Score Distribution
Quiz Creator Spotlight
theBOSSofCROTON
Follow
Send a Message
Quizzes Created
-
Created Quiz Play Count
-
More By This Creator
Popular Quizzes Today
1
Find the US States - No Outlines Minefield
2
Find the Countries of Europe - No Outlines Minefield
3
The Countries of the World
4
Find the US States
5
Risky Map Clicking: Biggest States A-Z
6
US States
7
Popular People in 1961
8
Movies - When Are They Set?
More History Quizzes
Ten Centuries of Swedish History
Published
Trending Quizzes
Risky Map Clicking: Least Populous States A-Z
1-10 Letter G Words
1-10 Letter F Words
Risky Map Clicking: Next State Alphabetically
Adjectives in 80s TV Shows
Recently Updated
Leaping Animals
pecheneg
Reality TV Shows (A-Z)
bhenderson79
Rickey Henderson's Hall of Fame Teammates
pecheneg
Champions League XIs: Arsenal
pecheneg
Quick Pick: Celebrities in WWE's Hall of Fame
aduchscher
A-Z Keypad Blitz II
pecheneg
Multiple Oscar Actors
pecheneg
Mystery Phrase Blitz: Oscar 'Best Actors'
pecheneg
F. Scott Fitzgerald Novels
LTH
Pick 3 Villains
ddd62291
Trending Topics
Anime
Harry Potter
NBA
Crossword
Marvel
Disney
Kpop
Song
WWE
Country
Pokémon
The Office
Soccer
NFL
Puzzle
Your Account Isn't Verified!
In order to create a playlist on Sporcle, you need to verify the email address you used during registration. Go to your
Sporcle Settings
to finish the process.
Report this User
Report this user for behavior that violates our
Community Guidelines
.
Details:
Send Report
Go to the Sporcle.com Mobile Site →
Comments